000 04302nab a2200277 i 4500
003 BR-BrBNA
005 20231005104638.0
008 231005b2016 bl.qr|pooa||| 00| 0 por |
040 _aBR-BrBNA
_bpor
072 _aK10
100 _aMoraes, Carlos Eduardo
100 _aLopes, José Carlos
100 _aFarias, Carla Caroline Magalhães
100 _aMaciel, Khétrin Silva
245 _aQualidade fisiológica de sementes de Tabernaemontana fuchsiaefolia a. Dc em função do teste de envelhecimento acelerado
500 _aPublicação on-line; 30 ref.; 3 tables; 3 illus.; Summaries (En, Pt)
520 _a RESUMO Tabernaemontana fuchsiaefolia A. DC é uma espécie da família Apocynaceae, nativa do Brasil, com característica invasora, possuindo potencial para uso em recuperação de áreas degradadas. O trabalho teve o objetivo de avaliar a influência dos métodos de envelhecimento acelerado sobre a qualidade fisiológica e germinação de sementes, utilizando-se o método tradicional e em solução de NaCl, empregando-se a metodologia de gerbox, formando minicâmaras de envelhecimento, em três temperaturas (41, 43 e 45°C) e cinco tempos de envelhecimento (0, 24, 48, 72 e 96 horas). As sementes, após o envelhecimento, foram colocadas para germinar em rolos de papel germitest, em quatro repetições de 25 sementes, em câmaras BOD a temperatura de 30°C, com fotoperíodo de 8 horas. O efeito da temperatura foi comparado pelo teste de Tukey em nível de 5% de probabilidade e o efeito do tempo de envelhecimento, pela análise de regressão. Após 35 dias, foram avaliados percentual, índice de velocidade, tempo médio e frequência da germinação, bem como comprimento de raiz e parte aérea, massa seca de plântulas e percentual de plântulas normais. Observou-se que o método alternativo de envelhecimento com solução de NaCl teve pouca influência na qualidade das sementes, não sendo indicado para testes de vigor para a espécie. O método tradicional, na temperatura de 45°C em período de envelhecimento de 96 horas, promoveu queda na germinação e pode ser utilizado para testar o vigor de sementes de leiteira. Palavras-chave: leiteira; vigor; qualidade fisiológica; semente florestal.
520 _a ABSTRACT Tabernaemontana fuchsiaefolia A. DC is a species of the Apocynaceae family, native of Brasil, with aggressive characteristic, having potential for use in restoration of degraded areas. The work aimed to evaluate the influence os methods of accelerated aging on the physiological quality and germination of’ seeds, using the traditional method and in NaCl solution, employing the methodology of gerbox, forming mini-chambers of aging at three temperatures (41, 43 and 45 °C) and five aging times (0, 24, 48, 72 and 96 hours). The seeds, after aging, were germinated in rolls of germitest paper, in four replicates of 25 seeds, in BOD chambers at 30 °C with a photoperiod of 8 hours. The effect of temperature was evaluated by Tukey test, at 5% probability, while the effect of aging time by regression analysis. After 35 days, we assessed the percentage, germination speed index, mean time and frequency of germination; root length and aerial part length, dry matter of seedlings and percentage of normal seedlings. It was observed that the alternative method of aging with a NaCl solution have a little influence in seed quality, may not be suitable for testing the seed vigor of that specie. The traditional method, in the temperature of 45 °C in 96 hours of aging period provided decrease in germination and can be used to test the seed vigor. Keywords: leiteira; vigor; physiological quality; forest seed.
650 _aAPOCYNACEAE
650 _aSEMENTE FLORESTAL
650 _aQUALIDADE
773 0 _04065
_9102038
_dSanta Maria-RS Universidade Federal de Santa Maria - Centro de Pesquisas Florestais.Departamento de Ciências Florestais. Programa de Pós-Graduação em Engenharia Florestal 1991
_o2023-436444
_tCiência Florestal (Brazil)
_x0103-9954; 1980-5098 (on-line)
_gv. 26(1) p. 213-223; (Jan-Mar 2016)
_wBR2016001168
856 _uhttps://www.scielo.br/j/cflo/a/rHWKVrYfzSYHLvywwGbbtCJ/?format=pdf&lang=pt
942 _cAnalítica
999 _c86401
_d86401